| 000 | 00816nam a2200229 i 4500 | ||
|---|---|---|---|
| 001 | 114629 | ||
| 003 | ES-MaACL | ||
| 005 | 20250127063056.0 | ||
| 007 | t| | ||
| 008 | 070315s1912 gw ||||1| ger d | ||
| 100 | 1 |
_aRawitz, Bernhard. _995606 |
|
| 245 | 1 | 4 |
_aDer Mensch _b: eine fundamental-philosophische Untersuchung / _cvon Prof. Dr. med. Bernhard Rawitz. |
| 260 |
_aBerlin : _bLeonard Simion Nf., _c1912. |
||
| 300 |
_a98 p. ; _c23 cm. |
||
| 490 | 1 |
_aBibliothek für philosophie, hrsg. von L. Stein. ; _v3 |
|
| 500 | _a"Beilage zu heft 3 des Archivs fu¨r systematische philosophie, band XVII." | ||
| 650 | 0 | 4 |
_aMente y cuerpo. _914993 |
| 830 | 0 |
_aBibliothek für philosophie, hrsg. von L. Stein. ; _v3 _9233255 |
|
| 852 |
_aES-MaACL _jT-1351-F-9 |
||
| 942 | _2udc | ||
| 999 |
_c114629 _d114629 |
||